Caracola 2: a partir de cinco años
Αποθηκεύτηκε σε:
| Κύριοι συγγραφείς: | , |
|---|---|
| Μορφή: | Βιβλίο |
| Γλώσσα: | Ισπανικά |
| Έκδοση: |
Santiago
Santillana
1999
|
| Σειρά: | Proyecto Caracola
|
| Θέματα: | |
| Ετικέτες: |
Προσθήκη ετικέτας
Δεν υπάρχουν, Καταχωρήστε ετικέτα πρώτοι!
|
MARC
| LEADER | 00000nam a2200000 a 4500 | ||
|---|---|---|---|
| 001 | UCL5986 | ||
| 003 | CL-VaPUC | ||
| 008 | 040326e19990000CL |||||||||||||||||spa|d | ||
| 020 | |a 9561504529 | ||
| 082 | 0 | 4 | |a 372.21 |b QUE |2 21 |
| 100 | 0 | |a Quezada Valenzuela, María Ester |e author |9 483702 | |
| 700 | 0 | |a Tapia Carvajal, Jeannette |e author |9 483703 | |
| 245 | 1 | 0 | |a Caracola 2: a partir de cinco años |
| 300 | |a 207 p | ||
| 942 | |c BK | ||
| 945 | |d 20040326 00:00:00 |a cmena | ||
| 260 | |a Santiago |b Santillana |c 1999 | ||
| 650 | 0 | |a Educación preescolar |9 260381 | |
| 650 | 0 | |a Métodos de enseñanza |9 270413 | |
| 650 | 0 | |a Libros de texto |9 270019 | |
| 650 | 0 | |a Educación lingüística |9 306506 | |
| 650 | 7 | |a PSICOMOTRICIDAD |2 CL-VaPUC |9 241072 | |
| 583 | |a last modification |c 20040326 00:00:00 |k Rodrigo Vera | ||
| 490 | 0 | |a Proyecto Caracola | |
| 999 | |c 308296 |d 308294 | ||
| 952 | |0 0 |1 0 |4 0 |6 372_210000000000000_QUE_1999 |7 0 |8 A |9 374657 |a BIBEDU |b BIBEDU |d 2019-11-21 |i 3999068 |o 372.21 QUE 1999 |p 3999068 |r 2019-11-21 |w 2019-11-21 |y BK |k EPE | ||